000 00627cam a2200145 4500500
005 20251228070407.0
041 _afre
042 _adc
100 1 0 _aFaget, Daniel
_eauthor
245 0 0 _aFranco Antonio Mastrolia, La pesca delle spugne nel Mediterraneo (1900-1939). Produzione, commercio, mercati e legislazione Naples, Edizioni scientifiche italiane, 2016, 322 p. et 8 p. de pl.
260 _c2018.
500 _a6
786 0 _nAnnales. Histoire, Sciences Sociales | 72e aée | 2 | 2018-02-22 | p. 543-545 | 0395-2649
856 4 1 _uhttps://shs.cairn.info/revue-annales-2017-2-page-543?lang=fr&redirect-ssocas=7080
999 _c1592587
_d1592587